| 000 | 00725cam a2200253 i 4500 | ||
|---|---|---|---|
| 001 | 18053743 | ||
| 005 | 20180209032004.0 | ||
| 008 | 140304s2014 ilu 001 0 eng | ||
| 010 | _a 2014008464 | ||
| 020 | _a9781627225021 (pbk.) | ||
| 020 | _a1627225021 (pbk.) | ||
| 040 |
_aDLC _beng _cDLC _erda |
||
| 041 | _aeng | ||
| 042 | _apcc | ||
| 043 | _an-us--- | ||
| 080 | _a344.73099 | ||
| 082 | 0 | 0 |
_a344.73099 PAL _223 |
| 100 | 1 | _a14 | |
| 101 | _aSHJ | ||
| 245 | 1 | 4 |
_aThe little book of horse racing law / _cCharles A. Palmer & Robert J. Palmer. |
| 906 |
_a7 _bcbc _corignew _d1 _eecip _f20 _gy-gencatlg |
||
| 942 |
_2ddc _cBK |
||
| 999 |
_c42198 _d42198 |
||